Elementary numerical analysis / (Record no. 29221)

000 -LEADER
fixed length control field 00698 a2200193 4500
020 ## - INTERNATIONAL STANDARD BOOK NUMBER
International Standard Book Number 0471433373
020 ## - INTERNATIONAL STANDARD BOOK NUMBER
International Standard Book Number 9780471433378
082 04 - DEWEY DECIMAL CLASSIFICATION NUMBER
Classification number 519.4
090 ## - LOCALLY ASSIGNED LC-TYPE CALL NUMBER (OCLC); LOCAL CALL NUMBER (RLIN)
-- 591
-- 591
100 1# - MAIN ENTRY--PERSONAL NAME
Personal name Atkinson, Kendall.
245 10 - TITLE STATEMENT
Title Elementary numerical analysis /
Statement of responsibility, etc. Kendall Atkinson, Weimin Han.
250 ## - EDITION STATEMENT
Edition statement 3rd ed.
260 ## - PUBLICATION, DISTRIBUTION, ETC.
Place of publication, distribution, etc. [S.l.] :
Name of publisher, distributor, etc. Wiley,
Date of publication, distribution, etc. 2004.
300 ## - PHYSICAL DESCRIPTION
Extent 576 p. ;
Dimensions 24 cm.
700 1# - ADDED ENTRY--PERSONAL NAME
Personal name Han, Weimin.
942 ## - ADDED ENTRY ELEMENTS (KOHA)
Institution code [OBSOLETE] SNS
Koha item type Book
Call number prefix 519.4 ATK
Holdings
Withdrawn status Lost status Damaged status Not for loan Permanent Location Current Location Date acquired Total Checkouts Full call number Barcode Date last seen Price effective from Koha item type Date last checked out
        School of Natural Sciences (SNS) School of Natural Sciences (SNS) 05/26/2016   519.4 ATK SNS0000743 05/26/2016 05/26/2016 Book  
        School of Natural Sciences (SNS) School of Natural Sciences (SNS) 05/26/2016 1 519.4 ATK SNS0001739 11/15/2019 05/26/2016 Book 11/13/2019
© 2023 Central Library, National University of Sciences and Technology. All Rights Reserved.